| 000 | 00000nam##2200000za#4500 |
| 001 | 9.631040 |
| 003 | CaOODSP |
| 005 | 20210624214136 |
| 007 | cr ||||||||||| |
| 008 | 150407|2003||||xxc|||||o f|0| 0 fre|d |
| 040 | |aCaOODSP|bfre |
| 043 | |an-cn--- |
| 086 | 1 |aEn134-35/2003F-IN |
| 110 | 2 |aTable ronde nationale sur l'environnement et l'économie (Canada) |
| 245 | 10|aRéhabiliter le passé, construire l'avenir : |h[ressource électronique]|bune stratégie nationale des sites urbains contaminés réhabilitables pour le Canada |
| 260 | |aOttawa - Ontario : |bTable ronde nationale sur l'environnement et l'économie |c2003. |
| 300 | |axv, 50, [46]p.|bill. en couleur, références, tableaux |
| 520 | 3 |aCette stratégie nationale des sites urbains contaminés réhabitables pour le Canada renferme des recommandations en vue de transformer des propriétés industrielles ou commerciales abandonnées, inoccupées ou sous-utilisées – et, dans certains cas, contaminées – en centres de vie communautaire économiquement actifs. Elle fait état des principaux défis soulevés par le réaménagement des sites urbains contaminés, notamment l’incertitude juridique entourant la question de la responsabilité environnementale, le manque d’accès aux capitaux et le manque de sensibilisation des principaux groupes d’intérêts. |
| 590 | |a03-26|b2003-06-27 |
| 775 | 08|tCleaning up the past, building the future : |w(CaOODSP)9.686573 |
| 776 | 0#|tRéhabiliter le passé, construire l'avenir : |w(CaOODSP)9.682138 |
| 856 | 40|ahttp://publications.gc.ca|qPDF|s1700 Ko|uhttps://publications.gc.ca/collections/Collection/En134-35-2003F.pdf |